Manual Peri 2000 /
El manual PERI está dirigido a todos los profesionales de la construcción que se interesen por los encofrados y andamios
Guardado en:
| Autor Corporativo: | |
|---|---|
| Formato: | Libro |
| Idioma: | Spanish |
| Publicado: |
Weissenhorn,
2000.
|
| Series: | PERI encofrados y andamios
|
| Materias: | |
| Etiquetas: |
Agregar Etiqueta
Sin Etiquetas, Sea el primero en etiquetar este registro!
|
| LEADER | 00627nam a22001815a 4500 | ||
|---|---|---|---|
| 001 | EUN.um069621 | ||
| 008 | 041125s2000####gw#a##########000#0#spa#d | ||
| 005 | 20120103133108.0 | ||
| 245 | 1 | 0 | |a Manual Peri 2000 / |c Peri S.A. |
| 260 | |a Weissenhorn, |c 2000. | ||
| 300 | |a 335 p. : |b il. ; |c 31 cm.. | ||
| 490 | 0 | |a PERI encofrados y andamios | |
| 520 | |a El manual PERI está dirigido a todos los profesionales de la construcción que se interesen por los encofrados y andamios | ||
| 110 | 2 | |a Peri S.A. |c Weissenhorn. | |
| 082 | 0 | 4 | |a 693 |
| 653 | |a Construccion | ||
| 653 | |a Encofrados | ||
| 859 | |a Ar-BaUNS |b BIB. CENTRAL - Sector A |h 693 |i P416 |p 113531/002 | ||
